00696nam a2200241 a 4500001001300000003000900013005001700022008004100039020001000080082001700090100001800107245003300125260003200158300000900190500003500199650002700234650002500261700001800286902000800304942000700312952011800319999001700437nice12345678IN_TiNIC20260116014619.0070828s2005 newa grp 000 0 eng  ac19500a801.951bBLO aBloom, Harold aDeconstruction and Criticism aNew York bContinuum c2005 a208p aincludes index and biblioraphy aCriticism-20th Century aCritism-20th Century1 aBloom, Harold bSRS cBK 001040708StackRoom-aHMIbHMId2007-08-29g195.00l0o801.951 BLOp021588r2007-08-29v195.00w2007-08-28yBK c16237d16237